Personnages joués par Tom Hanks par images (Click) - Statistiques

Statistiques générales
  • Ce quiz a été pris 138 fois
  • Le résultat moyen est 12 sur 25
Statistiques - réponses
Hint Réponse % Correct
Forrest Gump
100%
Il faut sauver le soldat Ryan
88%
Apollo 13
87%
La Ligne verte
86%
Seul au monde
85%
Da Vinci Code
79%
Le Terminal
72%
Pinocchio
72%
Arrête-moi si tu peux
65%
Sully
63%
Le Pire Voisin au monde
61%
Big
47%
Philadelphia
47%
Le Pont des espions
45%
Elvis
42%
Asteroid City
39%
L'Extraordinaire Mr. Rogers
30%
Finch
21%
Les Sentiers de la perdition
21%
Dans l'ombre de Mary
20%
Ladykillers
19%
Cloud Atlas
19%
La Mission
16%
La Guerre selon Charlie Wilson
10%
Un hologramme pour le roi
8%
Aucun quiz correspondant
Distribution des résultats
% des personnes avec chaque résultat
Percentile par nombre de réponses
Votre historique - résultats
Vous n’avez pas pris ce quiz